[Event "CZE-chT2A 1112"]
[Site "Czech Republic"]
[Date "2012.03.25"]
[Round "10.1"]
[White "Kopecky, Pavel"]
[Black "Vokac, Marek"]
[Result "0-1"]
[WhiteElo "2252"]
[BlackElo "2471"]
[PlyCount "54"]
[EventDate "2011.10.09"]
[EventType "team-tourn"]
[EventRounds "11"]
[EventCountry "CZE"]
[SourceTitle "EXT 2013"]
[Source "ChessBase"]
[SourceDate "2012.11.22"]
[SourceVersion "1"]
[SourceVersionDate "2012.11.22"]
[SourceQuality "1"]
[WhiteTeam "Zizkov"]
[BlackTeam "Ceske Budejovice"]
[WhiteTeamCountry "CZE"]
[BlackTeamCountry "CZE"]

1. e4 c5 2. Nf3 Nc6 3. d4 cxd4 4. Nxd4 Qb6 5. Nb3 Nf6 6. Nc3 e6 7. Be3 Qc7 8. Nd2 Be7 9. g3 0-0 10. Bg2 d6 11. 0-0 a6 12. f4 b5 13. Qe2 Bb7 14. g4 Nd7 15. Qf2 Rfe8 16. g5 Bf8 17. Rac1 g6 18. Ne2 d5 19. Nd4 Rac8 20. Kh1 dxe4 21. Nxe4 Bg7 22. Rfd1 Nb4 23. Nc3 Bxg2+ 24. Qxg2 Nb6 25. Ncxb5 axb5 26. Nxb5 Qb8 27. Nd6 N6d5 0-1

[Event "CZE-chT2A 1112"]
[Site "Czech Republic"]
[Date "2012.02.05"]
[Round "7.1"]
[White "Orsag, Milan"]
[Black "Kopecky, Pavel"]
[Result "1-0"]
[WhiteElo "2407"]
[BlackElo "2252"]
[PlyCount "67"]
[EventDate "2011.10.09"]
[EventType "team-tourn"]
[EventRounds "11"]
[EventCountry "CZE"]
[SourceTitle "EXT 2013"]
[Source "ChessBase"]
[SourceDate "2012.11.22"]
[SourceVersion "1"]
[SourceVersionDate "2012.11.22"]
[SourceQuality "1"]
[WhiteTeam "Praha Dukla"]
[BlackTeam "Zizkov"]
[WhiteTeamCountry "CZE"]
[BlackTeamCountry "CZE"]

1. d4 Nf6 2. Nf3 g6 3. c4 Bg7 4. Nc3 0-0 5. Bg5 d6 6. e3 Nbd7 7. Be2 c6 8. 0-0 Qc7 9. Qc2 e5 10. Rfd1 Re8 11. dxe5 dxe5 12. Nd2 h6 13. Bh4 Nh7 14. f3 f5 15. Bf2 b6 16. b4 Nhf6 17. e4 f4 18. a4 Nf8 19. Nb3 Ne6 20. c5 Bf8 21. cxb6 axb6 22. a5 b5 23. Na2 Bb7 24. Nc5 Nxc5 25. Bxc5 Bxc5+ 26. Qxc5 Red8 27. Bxb5 Rxd1+ 28. Rxd1 Rd8 29. Bc4+ Kg7 30. Rxd8 Qxd8 31. Nc3 h5 32. Ne2 Kh6 33. Qxe5 Qd2 34. Qxf4+ 1-0

[Event "CZE-chT2A 1011"]
[Site "Czech Republic"]
[Date "2010.11.21"]
[Round "3"]
[White "Roj, Miroslav"]
[Black "Kopecky, Pavel"]
[Result "1/2-1/2"]
[WhiteElo "2156"]
[BlackElo "2239"]
[PlyCount "49"]
[EventDate "2010.10.17"]
[EventType "team-tourn"]
[EventRounds "11"]
[EventCountry "CZE"]
[SourceTitle "EXT 2012"]
[Source "ChessBase"]
[SourceDate "2011.11.24"]
[SourceVersion "1"]
[SourceVersionDate "2011.11.24"]
[SourceQuality "1"]
[WhiteTeam "Pisek Platan"]
[BlackTeam "Zizkov"]
[WhiteTeamCountry "CZE"]
[BlackTeamCountry "CZE"]

1. d4 Nf6 2. Nf3 g6 3. c4 Bg7 4. Nc3 0-0 5. h3 d5 6. Bf4 c5 7. dxc5 Qa5 8. cxd5 Nxd5 9. Qxd5 Bxc3+ 10. Bd2 Rd8 11. Bxc3 Qxc3+ 12. bxc3 Rxd5 13. e4 Rxc5 14. Kd2 e5 15. Rb1 a6 16. Bd3 b5 17. a4 bxa4 18. Rb4 Bd7 19. Rhb1 Bb5 20. Bxb5 axb5 21. c4 Nc6 22. Rxb5 Ra5 23. Rxc5 Rxc5 24. Kc3 a3 25. Ra1 1/2-1/2

[Event "CZE-chT2A 0910"]
[Site "Czech Republic"]
[Date "2009.11.08"]
[Round "2.2"]
[White "Borkovec, Milan"]
[Black "Kopecky, Pavel"]
[Result "1/2-1/2"]
[WhiteElo "2209"]
[BlackElo "2218"]
[PlyCount "82"]
[EventDate "2009.10.18"]
[EventType "team-tourn"]
[EventRounds "11"]
[EventCountry "CZE"]
[SourceTitle "EXT 2012"]
[Source "ChessBase"]
[SourceDate "2011.11.24"]
[SourceVersion "1"]
[SourceVersionDate "2011.11.24"]
[SourceQuality "1"]
[WhiteTeam "Tabor"]
[BlackTeam "Zizkov"]
[WhiteTeamCountry "CZE"]
[BlackTeamCountry "CZE"]

1. d4 Nf6 2. c4 g6 3. Nc3 Bg7 4. g3 0-0 5. Bg2 d6 6. Nf3 Bd7 7. 0-0 Qc8 8. Re1 c5 9. d5 Na6 10. Bf4 Ng4 11. Qd2 Nc7 12. Rac1 Re8 13. b3 Rb8 14. a4 a6 15. h3 Ne5 16. Bxe5 dxe5 17. Qe3 Na8 18. Nxe5 Bxh3 19. Nd3 Bd4 20. Qd2 Bg4 21. e3 Bg7 22. Ne4 b6 23. f3 Bf5 24. Nef2 Bxd3 25. Qxd3 Rd8 26. Qe4 Qd7 27. f4 Nc7 28. Red1 Ne8 29. Qf3 e5 30. e4 Nd6 31. Bh3 Qe7 32. Kg2 f5 33. Re1 Rf8 34. exf5 Nxf5 35. Bxf5 Rxf5 36. Qe4 Qf7 37. Nd3 exf4 38. gxf4 g5 39. Qe6 gxf4 40. Qxf7+ Kxf7 41. Kf3 Bd4 1/2-1/2

[Event "CZE-chT2A 0809"]
[Site "Czech Republic"]
[Date "2009.04.05"]
[Round "11.2"]
[White "Folk, Petr"]
[Black "Kopecky, Pavel"]
[Result "1/2-1/2"]
[WhiteElo "2226"]
[BlackElo "2221"]
[PlyCount "49"]
[EventDate "2008.10.12"]
[EventType "team-tourn"]
[EventRounds "11"]
[EventCountry "CZE"]
[SourceTitle "EXT 2010"]
[Source "ChessBase"]
[SourceDate "2010.11.25"]
[SourceVersion "1"]
[SourceVersionDate "2010.11.25"]
[SourceQuality "1"]
[WhiteTeam "Plzen Sokol II"]
[BlackTeam "Zizkov"]
[WhiteTeamCountry "CZE"]
[BlackTeamCountry "CZE"]

1. e4 c5 2. Nf3 d6 3. d4 cxd4 4. Nxd4 Nf6 5. Nc3 a6 6. Bg5 e6 7. f4 Nbd7 8. Qf3 Qc7 9. 0-0-0 b5 10. Bd3 Bb7 11. Rhe1 Qb6 12. Nd5 Qxd4 13. Bxf6 gxf6 14. Bxb5 Qc5 15. Nxf6+ Kd8 16. Nxd7 Qxb5 17. Nxf8 Rxf8 18. Qa3 Rc8 19. Qxd6+ Ke8 20. Re3 Qc6 21. Qd2 Ke7 22. Qb4+ Kf6 23. Qd4+ Ke7 24. Qb4+ Kf6 25. Qd4+ 1/2-1/2

[Event "CZE-chT2A 0809"]
[Site "Czech Republic"]
[Date "2009.03.22"]
[Round "10.2"]
[White "Kopecky, Pavel"]
[Black "Bauma, Jiri"]
[Result "1-0"]
[WhiteElo "2221"]
[BlackElo "2264"]
[PlyCount "121"]
[EventDate "2008.10.12"]
[EventType "team-tourn"]
[EventRounds "11"]
[EventCountry "CZE"]
[SourceTitle "EXT 2010"]
[Source "ChessBase"]
[SourceDate "2010.11.25"]
[SourceVersion "1"]
[SourceVersionDate "2010.11.25"]
[SourceQuality "1"]
[WhiteTeam "Zizkov"]
[BlackTeam "Praha Dukla"]
[WhiteTeamCountry "CZE"]
[BlackTeamCountry "CZE"]

1. e4 c5 2. Nf3 Nc6 3. d4 cxd4 4. Nxd4 Nf6 5. Nc3 e5 6. Ndb5 d6 7. Bg5 a6 8. Na3 Be6 9. Nc4 Rc8 10. Bxf6 gxf6 11. Ne3 Ne7 12. Bd3 Bg7 13. 0-0 0-0 14. Ncd5 Rc5 15. a4 Kh8 16. b4 Rc6 17. Ra3 Bc8 18. c4 f5 19. exf5 Nxd5 20. Nxd5 e4 21. f6 Bxf6 22. Bxe4 Rxc4 23. Re3 Be5 24. Qh5 f5 25. Rh3 Qd7 26. Nb6 Qg7 27. Nxc4 fxe4 28. Rh4 Bf4 29. g3 Be6 30. Rxf4 Rxf4 31. Qe8+ Bg8 32. Nxd6 e3 33. Qxe3 Rxb4 34. Rc1 Rxa4 35. Rc8 Ra1+ 36. Kg2 Ra5 37. Qf3 h5 38. Nf7+ Kh7 39. Rc7 Kg6 40. Qe4+ Rf5 41. g4 hxg4 42. Qxg4+ Kf6 43. Qxg7+ Kxg7 44. Nd6+ Kf6 45. Nxf5 Bd5+ 46. Kf1 Kxf5 47. Ke2 Kf4 48. Kd3 Kg4 49. Kd4 Bf3 50. Rg7+ Kh5 51. Kc5 Kh6 52. Rg3 Be4 53. Kb6 Kh5 54. f4 Kh6 55. Rg5 Bf3 56. h4 Be4 57. f5 Bd5 58. f6 Be6 59. Kxb7 a5 60. Kc6 a4 61. Kd6 1-0

[Event "CZE-chT2A 0809"]
[Site "Czech Republic"]
[Date "2009.01.25"]
[Round "7.1"]
[White "Kopecky, Pavel"]
[Black "Lacina, Adolf"]
[Result "1-0"]
[WhiteElo "2221"]
[BlackElo "2208"]
[PlyCount "105"]
[EventDate "2008.10.12"]
[EventType "team-tourn"]
[EventRounds "11"]
[EventCountry "CZE"]
[SourceTitle "EXT 2010"]
[Source "ChessBase"]
[SourceDate "2010.11.25"]
[SourceVersion "1"]
[SourceVersionDate "2010.11.25"]
[SourceQuality "1"]
[WhiteTeam "Zizkov"]
[BlackTeam "Pisek Platan"]
[WhiteTeamCountry "CZE"]
[BlackTeamCountry "CZE"]

1. e4 e6 2. g3 d5 3. Bg2 dxe4 4. Bxe4 Nf6 5. Bg2 e5 6. d3 Bc5 7. h3 0-0 8. Nc3 Re8 9. Be3 Bxe3 10. fxe3 c6 11. Qd2 Qb6 12. 0-0-0 Be6 13. Kb1 a5 14. g4 Na6 15. g5 Nd5 16. Bxd5 Bxd5 17. Rh2 Nb4 18. Nge2 Be6 19. Ng3 a4 20. Nge4 a3 21. b3 Nd5 22. Re1 Rad8 23. Na4 Qc7 24. c4 Ne7 25. c5 Nf5 26. Nb6 Bd5 27. Qg2 Nh4 28. Qg4 Ng6 29. h4 Be6 30. Qe2 Bf5 31. Rf1 Bxe4 32. dxe4 Nf8 33. Nc4 Re7 34. Rhf2 Rdd7 35. Nd6 b6 36. Nf5 Re6 37. cxb6 Qxb6 38. h5 Qb4 39. Qc2 c5 40. Ng3 Rb6 41. Rc1 Ne6 42. g6 hxg6 43. hxg6 fxg6 44. Qe2 Rbd6 45. Qg4 Nf8 46. Rcf1 Rf6 47. Qe2 Rxf2 48. Rxf2 Ne6 49. Rf1 Rd2 50. Qa6 Rb2+ 51. Ka1 Rf2 52. Qxe6+ Rf7 53. Qxf7+ 1-0

[Event "CZE-chT2A 0809"]
[Site "Czech Republic"]
[Date "2008.12.07"]
[Round "4.2"]
[White "Kopecky, Pavel"]
[Black "Pinc, Miroslav"]
[Result "1/2-1/2"]
[WhiteElo "2221"]
[BlackElo "2188"]
[PlyCount "59"]
[EventDate "2008.10.12"]
[EventType "team-tourn"]
[EventRounds "11"]
[EventCountry "CZE"]
[SourceTitle "EXT 2010"]
[Source "ChessBase"]
[SourceDate "2010.11.25"]
[SourceVersion "1"]
[SourceVersionDate "2010.11.25"]
[SourceQuality "1"]
[WhiteTeam "Zizkov"]
[BlackTeam "Pribram Pyrit"]
[WhiteTeamCountry "CZE"]
[BlackTeamCountry "CZE"]

1. e4 c5 2. Nf3 d6 3. d4 cxd4 4. Nxd4 Nf6 5. Nc3 Nc6 6. Be3 Ng4 7. Bb5 Nxe3 8. Nxc6 Nxd1 9. Nxd8+ Kxd8 10. Rxd1 a6 11. Bc4 e6 12. a4 Bd7 13. Ke2 Rc8 14. Bb3 Be7 15. f4 Rc5 16. Rd3 Kc7 17. Rhd1 g6 18. e5 d5 19. Ne4 Rc6 20. c4 Kb8 21. Ke3 dxe4 22. Rxd7 Rc7 23. Kxe4 Kc8 24. Rxc7+ Kxc7 25. g4 h5 26. a5 hxg4 27. Ba4 Rd8 28. Rxd8 Kxd8 29. Bd1 Bb4 30. Bxg4 1/2-1/2

[Event "CZE-chT2b 0001"]
[Site "Czech Republic"]
[Date "2000.??.??"]
[Round "?"]
[White "Jinova, Lucie"]
[Black "Kopecky, Pavel"]
[Result "1-0"]
[WhiteElo "1975"]
[BlackElo "2285"]
[PlyCount "61"]
[EventDate "2000.??.??"]
[EventType "team"]
[EventRounds "11"]
[EventCountry "CZE"]
[SourceTitle "EXT 2003"]
[Source "ChessBase"]
[SourceDate "2002.11.25"]
[SourceVersion "1"]
[SourceVersionDate "2002.11.25"]
[SourceQuality "1"]

1. e4 c5 2. c3 d5 3. exd5 Qxd5 4. d4 cxd4 5. cxd4 Nc6 6. Nf3 e6 7. Bd3 Nf6 8. 0-0 Be7 9. Nc3 Qd8 10. a3 h6 11. Bc2 a6 12. Re1 b5 13. Be3 Na5 14. Qe2 Bb7 15. Ne5 Rc8 16. Rad1 Nc4 17. Nxc4 Rxc4 18. Bb3 Rc8 19. d5 e5 20. Bf4 Bd6 21. Bxe5 0-0 22. Bxf6 Qxf6 23. Ne4 Qd8 24. Nxd6 Qxd6 25. Qe7 Qb6 26. d6 Rcd8 27. Re3 Bc6 28. Rg3 Kh8 29. Qe5 Rg8 30. Bxf7 Rdf8 31. Rh3 1-0

[Event "Pribram op"]
[Site "Pribram"]
[Date "2000.??.??"]
[Round "?"]
[White "Novak, Pavel"]
[Black "Kopecky, Pavel"]
[Result "1-0"]
[WhiteElo "2244"]
[BlackElo "2285"]
[PlyCount "54"]
[EventDate "2000.??.??"]
[EventType "swiss"]
[EventRounds "9"]
[EventCountry "CZE"]
[SourceTitle "EXT 2003"]
[Source "ChessBase"]
[SourceDate "2002.11.25"]
[SourceVersion "1"]
[SourceVersionDate "2002.11.25"]
[SourceQuality "1"]

1. c4 e5 2. Nc3 c6 3. Nf3 d6 4. d4 exd4 5. Nxd4 Nf6 6. g3 Be7 7. Bg2 0-0 8. 0-0 Be6 9. b3 Qc7 10. Bb2 a6 11. Qc2 c5 12. Nf5 Nc6 13. Nxe7+ Qxe7 14. e3 Qd7 15. Rfd1 Rad8 16. Qe2 Bg4 17. f3 Bh3 18. Nd5 Nxd5 19. Rxd5 Nb4 20. Rd2 Bxg2 21. Qxg2 Rfe8 22. e4 Qe6 23. a3 Nc6 24. Re2 f6 25. Re3 Rd7 26. Qd2 Red8 27. Qc3 Ne5 1-0

[Event "CZE-chT2V 9899"]
[Site "Czech Republic"]
[Date "1999.??.??"]
[Round "?"]
[White "Sykora, Josef"]
[Black "Kopecky, Pavel"]
[Result "1/2-1/2"]
[WhiteElo "2130"]
[BlackElo "2305"]
[PlyCount "72"]
[EventDate "1998.??.??"]
[EventType "team"]
[EventRounds "11"]
[EventCountry "CZE"]
[SourceTitle "EXT 2000"]
[Source "ChessBase"]
[SourceDate "1999.11.16"]
[SourceVersion "1"]
[SourceVersionDate "1999.11.16"]
[SourceQuality "1"]

1. c4 Nf6 2. Nf3 g6 3. g3 Bg7 4. Bg2 d6 5. 0-0 0-0 6. d4 Nbd7 7. Nc3 c6 8. e4 e5 9. dxe5 dxe5 10. b3 Qa5 11. Bd2 Qc7 12. Qc2 Rd8 13. Rad1 Nf8 14. Be3 Bg4 15. h3 Bxf3 16. Bxf3 Ne6 17. Ne2 c5 18. Bg2 Nd4 19. Qb2 Nxe2+ 20. Qxe2 h6 21. Rxd8+ Rxd8 22. Rd1 b6 23. Rd2 Kh7 24. Qd1 Rxd2 25. Qxd2 Nd7 26. h4 Nb8 27. Qd5 Nc6 28. Bh3 Nb4 29. Qd2 Bf8 30. a3 Nc6 31. Bg4 Nd4 32. Bd1 Qc6 33. Qd3 Qd6 34. Bxd4 cxd4 35. b4 Kg7 36. Bb3 Qc6 1/2-1/2

[Event "CZE-chTV"]
[Site "Czech Republic"]
[Date "1998.??.??"]
[Round "?"]
[White "Hrubant, Ivan"]
[Black "Kopecky, Pavel"]
[Result "1-0"]
[WhiteElo "2155"]
[BlackElo "2100"]
[PlyCount "81"]
[EventDate "1998.??.??"]
[EventType "team"]
[EventRounds "11"]
[EventCountry "CZE"]
[SourceTitle "EXT 2003"]
[Source "ChessBase"]
[SourceDate "2002.11.25"]
[SourceVersion "1"]
[SourceVersionDate "2002.11.25"]
[SourceQuality "1"]

1. d4 g6 2. c4 Nf6 3. Nc3 Bg7 4. e4 d6 5. f4 0-0 6. Nf3 c6 7. Bd3 Na6 8. 0-0 Nc7 9. Qe2 Rb8 10. e5 Nfe8 11. Be3 d5 12. cxd5 Nxd5 13. Nxd5 cxd5 14. f5 gxf5 15. Ng5 e6 16. Qh5 h6 17. Nh3 f6 18. Bxh6 Rf7 19. Rf3 Bxh6 20. Qxh6 Rg7 21. Raf1 Qb6 22. Qf4 fxe5 23. Qxe5 Qd6 24. Rxf5 exf5 25. Qxe8+ Qf8 26. Qe5 Bd7 27. Bxf5 Qe8 28. Qxd5+ Kh8 29. Bxd7 Qxd7 30. Qe5 Re8 31. Qf6 Qg4 32. Nf4 Re2 33. Qd8+ Kh7 34. Qd5 Rxb2 35. h3 Qg3 36. Qe4+ Kg8 37. Rc1 Rf7 38. Qe8+ Rf8 39. Qe6+ Rf7 40. Rc8+ Kg7 41. Nh5+ 1-0

[Event "CZE-chTV"]
[Site "Czech Republic"]
[Date "1998.??.??"]
[Round "?"]
[White "Kourek, Josef"]
[Black "Kopecky, Pavel"]
[Result "1/2-1/2"]
[WhiteElo "2290"]
[BlackElo "2290"]
[PlyCount "27"]
[EventDate "1998.??.??"]
[EventType "team"]
[EventRounds "11"]
[EventCountry "CZE"]
[SourceTitle "EXT 2003"]
[Source "ChessBase"]
[SourceDate "2002.11.25"]
[SourceVersion "1"]
[SourceVersionDate "2002.11.25"]
[SourceQuality "1"]

1. e4 e5 2. Nf3 Nc6 3. d4 exd4 4. Nxd4 Nf6 5. Nxc6 bxc6 6. Bd3 d5 7. e5 Ng4 8. 0-0 f6 9. exf6 Nxf6 10. Re1+ Kf7 11. Nd2 Bd6 12. Nf3 Re8 13. Bg5 Rxe1+ 14. Qxe1 1/2-1/2